000 00802cam a22002891 4500
001 11587
003 BD-RjUL
005 20211208235142.0
008 140127s1961 maua 000 0 eng
035 _a(BD-RjUL)11636
040 _aDLC
_cDLC
_dDLC
_dBD-RjUL
_beng
041 _aeng
082 0 0 _a572
_bCOO 1961
245 1 0 _aCooperation and competition among primitive peoples /
_cEdited by Margaret Mead.
250 _a[Enl. ed.
260 _aBoston :
_bBeacon Press,
_cc1961.
300 _a544 p. :
_billus. ;
_c21 cm.
490 0 _aBeacon BP123
504 _aIncludes index.
650 0 _aEthnology.
_935841
650 0 _aCooperation.
_935842
650 0 _aCompetition.
_935843
700 1 _aMead, Margaret,
_935844
942 _2ddc
_cBK
999 _c11587
_d11587